| 000 | 00735nam a2200217 i 4500 | ||
|---|---|---|---|
| 001 | 122021 | ||
| 003 | ES-MaACL | ||
| 005 | 20240409154149.0 | ||
| 007 | t| | ||
| 008 | 070214s1980 pr f |||| | spa d | ||
| 080 | _a821.134.2(729.5)-14"19" | ||
| 245 | 0 | 0 |
_aPostales de María Pasapera / _cselección de René Torres Delgado. |
| 260 |
_aSan Juan (Puerto Rico) : _b[s.n.], _c1980. |
||
| 300 |
_a51 p., 1 lám. ; _c22 cm. |
||
| 490 | 1 |
_aArchivo historicoliterario. Colección hipatia ; _v5 |
|
| 650 | 0 | 4 |
_aPoesía puertorriqueña- _yS.XX _916247 |
| 700 | 1 |
_aTorres Delgado, René. _9110947 |
|
| 830 | 0 |
_aArchivo historicoliterario. Colección hipatia ; _v5 _9218811 |
|
| 852 |
_aES-MaACL _j2127-F-5 |
||
| 999 |
_c122021 _d122021 |
||